LEADER 01421nam--2200409---450- 001 990003197980203316 005 20090218143856.0 010 $a978-92-79-09455-2 035 $a000319798 035 $aUSA01000319798 035 $a(ALEPH)000319798USA01 035 $a000319798 100 $a20090218d2008----km-y0itay0103----ba 101 $aeng 102 $aLU 105 $a||||||||001yy 200 1 $aVaccines for humans$eresearch funded by the European Union$fEuropean commission, Directorate Health 210 $aLuxembourg$cOffice for official publications of the European Communities$d2008 215 $a167 p.$cill.$d30 cm 225 2 $aEuropean Research Area$iProject synopses 410 1$12001$aEuropean Research Area$iProject synopses 606 0 $aVaccini$yPaesi della Comunitą europea$2BNCF 676 $a614.47 699 $a15.05$bVaccini 710 02$aCommissione europea :$bDirezione generale Ricerca$0542713 801 0$aIT$bsalbc$gISBD 856 4 $uhttp://dx.doi.org/10.2777/84341$4.$zAccesso online 912 $a990003197980203316 951 $aCDE 15.05 (IX)$bCDE 2167$cCDE 15.05$d00151304 959 $aBK 969 $aCDE 979 $aMARIAS$b90$c20090218$lUSA01$h1434 979 $aMARIAS$b90$c20090218$lUSA01$h1437 979 $aMARIAS$b90$c20090218$lUSA01$h1438 979 $aMARIAS$b90$c20140730$lUSA01$h1439 996 $aVaccines for humans$91015056 997 $aUNISA LEADER 02108nam 2200409 n 450 001 996396045403316 005 20200824121325.0 035 $a(CKB)3810000000018686 035 $a(EEBO)2240906744 035 $a(UnM)99852157e 035 $a(UnM)99852157 035 $a(EXLCZ)993810000000018686 100 $a19920423d1638 uy | 101 0 $aeng 135 $aurbn||||a|bb| 200 14$aThe protestation of the Generall Assemblie of the Church of Scotland, and of the noblemen, barons, gentlemen, borrowes, ministers and commons; subscribers of the Covenant, lately renewed, made in the high Kirk, and at the Mercate Crosse of Glasgow, the 28, and 29. of November 1638$b[electronic resource] 210 $aPrinted at Glasgow $cBy George Anderson$din the yeare of Grace, 1638 215 $a[16] p 300 $aWritten for the General Assembly by Archibald Johnston, Lord Warriston. 300 $aA protest against the proclamation of 29 November dissolving the Assembly. 300 $aSignatures: A-B⁓. 300 $aRunning title reads: Protestation November 29. 300 $aIn this state A2r has catchword "intruded"; first word on A2v is "intruded". Variant: quire A wrongly printed with the outer forme of STC 22047.5; first word on A2v is "of". 300 $aReproduction of the original in the Henry E. Huntington Library and Art Gallery. 330 $aeebo-0055 606 $aChurch and state$zScotland$vEarly works to 1800 607 $aScotland$xChurch history$y17th century$vEarly works to 1800 615 0$aChurch and state 701 $aWarriston$b Archibald Johnston$cLord,$f1611-1663.$01001116 801 0$bCu-RivES 801 1$bCu-RivES 801 2$bCStRLIN 801 2$bWaOLN 906 $aBOOK 912 $a996396045403316 996 $aThe protestation of the Generall Assemblie of the Church of Scotland, and of the noblemen, barons, gentlemen, borrowes, ministers and commons; subscribers of the Covenant, lately renewed, made in the high Kirk, and at the Mercate Crosse of Glasgow, the 28, and 29. of November 1638$92351763 997 $aUNISA